000 02488nam a2200493 c 4500
003 BLK
005 20180420224411.0
008 180408b bul|||||r ||||||| ||bul||
010 _aKNG00083270000
020 _a978-954-730-461-1
_bиздат.: Сиби
040 _aBLK
041 _aBUL
_cBUL
072 7 _2bullib
_aЕ
_xКартотека "Европейски съюз"
080 _aЕвропейски съюз (икон. аспекти)
_b339.923:061.1ЕС
_x(094.2)
_z339.923:061.1ЕС(094.2)
080 _aЕвропейски съюз - политически аспекти
_b327.7:061.1ЕС
_x(094.2)
_z327.7:061.1ЕС(094.2)
080 _aМеждународни съглашения. Международни договори и авторско право. Видове и форми, сключване и ратификация, изпълнение на договори и др.
_b341.24
_x(4)(094.2)
_z341.24(4)(094.2)
700 1 _aКостов, Станислав
_eсъстав.
_9298909
710 1 _aЕвропейски съюз
_9258188
139 _aЕвропейски съюз
_bЕ 20
245 1 0 _aДоговор за създаване на Европейската общност
_cсъстав. Станислав Костов.
245 1 0 _aДоговор за Европейския съюз
_b
_c
245 1 0 _aСъдебна практика
_b
_c
257 _aBGR
260 София
_bСиби
_c2007
_fСофия : Симолини
300 _a608 с.
_bс табл.
_c19 см
380 _a3
490 1 _aПоредица Джобни издания
500 _aИнформ. към 05.11.2008 г.
650 4 _aЕвропейски съюз - законодателни и директивни материали
_9263637
650 4 _aМеждународни договори и съглашения - Европейска общност - нормативни актове
_9260263
650 4 _aЕвропейска общност - нормативни актове
_9260262
651 4 _aЕвропейски съюз
_9258188
651 4 _aЕвропейска общност
_9178862
653 _aмеждународни договори
653 _aсъдебна практика
653 _aЕвропейски съюз
653 _aЕвропейска общност
659 _aЕ
852 _aЦб 239698
856 4 _qpdf
_u
856 4 _qpdf
_u
942 _cKNG
_n0
944 _aCR
_c17.04.2008
_kГеновева_Генчева
944 _aED
_c21.11.2008
_k
999 _c78803
_d78803